[Event "Steinfurt Bezirksklasse 1819"]
[Site "Germany"]
[Date "2018.11.10"]
[Round "2.3"]
[White "Roos, Wilfried"]
[Black "Naber, Ole"]
[Result "1-0"]
[WhiteElo "1695"]
[BlackElo "1242"]
[PlyCount "67"]
[EventDate "2018.09.29"]
[EventType "team-tourn"]
[EventRounds "7"]
[EventCountry "GER"]
[SourceTitle "EXT 2020"]
[Source "ChessBase"]
[SourceDate "2019.10.17"]
[SourceVersion "1"]
[SourceVersionDate "2019.10.17"]
[SourceQuality "1"]
[WhiteTeam "Saerbeck II"]
[BlackTeam "Rheine CC"]
[WhiteTeamCountry "GER"]
[BlackTeamCountry "GER"]

1. d4 Nf6 2. c4 g6 3. Nc3 Bg7 4. e4 d6 5. Bd3 e5 6. dxe5 dxe5 7. Bg5 c6 8. Nf3 Qc7 9. Rc1 Be6 10. 0-0 0-0 11. Qe2 Nbd7 12. b4 a6 13. a4 Rad8 14. h3 a5 15. Nd5 Bxd5 16. cxd5 axb4 17. dxc6 bxc6 18. Bb5 c5 19. Qe3 Rc8 20. Rfd1 Qb7 21. Rd6 Rc7 22. Rcd1 Rfc8 23. Ba6 Qb8 24. Bxc8 Rxc8 25. Rxd7 Nxd7 26. Rxd7 c4 27. Bh6 c3 28. Bxg7 c2 29. Qc1 b3 30. Bxe5 Qxe5 31. Nxe5 b2 32. Qxb2 c1Q+ 33. Qxc1 Rxc1+ 34. Kh2 1-0

[Event "Steinfurt Bezirksklasse 1718"]
[Site "Germany"]
[Date "2018.02.10"]
[Round "5.4"]
[White "Naber, Ole"]
[Black "Blomqvist, Pontus"]
[Result "1/2-1/2"]
[WhiteElo "1229"]
[BlackElo "1259"]
[PlyCount "88"]
[EventDate "2017.10.07"]
[EventType "team-tourn"]
[EventRounds "7"]
[EventCountry "GER"]
[SourceTitle "EXT 2019"]
[Source "ChessBase"]
[SourceDate "2018.10.10"]
[SourceVersion "1"]
[SourceVersionDate "2018.10.10"]
[SourceQuality "1"]
[WhiteTeam "Rheine CC"]
[BlackTeam "Nordwalde II"]
[WhiteTeamCountry "GER"]
[BlackTeamCountry "GER"]

1. e4 e5 2. Nf3 Nc6 3. Bc4 Nf6 4. Nc3 Bc5 5. d3 d6 6. Bg5 b6 7. Bxf6 Qxf6 8. Nd5 Qd8 9. Qe2 Be6 10. 0-0-0 a6 11. a3 b5 12. Ba2 Nd4 13. Nxd4 Bxd4 14. c3 Ba7 15. g3 a5 16. Kb1 c6 17. Ne3 Bxa2+ 18. Kxa2 b4 19. f4 Qb6 20. Nc4 b3+ 21. Ka1 Qc7 22. fxe5 dxe5 23. Qh5 Bb8 24. Rhf1 g6 25. Qf3 0-0 26. h4 Qe7 27. Ne3 Bd6 28. h5 Bxa3 29. Qf6 Qxf6 30. Rxf6 Be7 31. Rxc6 a4 32. Nd5 Bg5 33. g4 Kg7 34. Nb4 Rfc8 35. d4 exd4 36. cxd4 Rcb8 37. Ra6 Rxa6 38. Nxa6 Rb6 39. Nc5 Rb4 40. d5 Rc4 41. Nb7 Rxe4 42. d6 Rb4 43. Nc5 Rc4 44. Nb7 Rb4 1/2-1/2

[Event "Steinfurt Bezirksklasse 1617"]
[Site "Germany"]
[Date "2017.01.14"]
[Round "5.4"]
[White "Naber, Ole"]
[Black "Sandmann, Guenter"]
[Result "1-0"]
[WhiteElo "1153"]
[BlackElo "1272"]
[PlyCount "75"]
[EventDate "2016.09.17"]
[EventType "team"]
[EventRounds "10"]
[EventCountry "GER"]
[SourceTitle "EXT 2018"]
[Source "ChessBase"]
[SourceDate "2017.10.13"]
[SourceVersion "1"]
[SourceVersionDate "2017.10.13"]
[SourceQuality "1"]
[WhiteTeam "Rheine CC"]
[BlackTeam "Nordwalde II"]
[WhiteTeamCountry "GER"]
[BlackTeamCountry "GER"]

1. e4 e5 2. Nf3 d6 3. Nc3 Nf6 4. d4 exd4 5. Nxd4 Be7 6. Bd3 Bd7 7. Bf4 Nc6 8. Bb5 Nxd4 9. Qxd4 Bxb5 10. Nxb5 a6 11. Nc3 0-0 12. 0-0-0 Qd7 13. f3 Rfd8 14. g4 c5 15. Qf2 Qe6 16. Rhe1 b5 17. h4 b4 18. Nd5 Nxd5 19. Rxd5 Qf6 20. Bg5 Qe6 21. Bxe7 Qxe7 22. Qg3 Ra7 23. f4 a5 24. e5 Qe6 25. Rxd6 Qe7 26. Red1 Rad7 27. Rxd7 Rxd7 28. Rxd7 Qxd7 29. Qd3 Qxd3 30. cxd3 Kf8 31. Kd2 Ke7 32. Ke3 Ke6 33. Ke4 a4 34. f5+ Ke7 35. Kd5 f6 36. e6 g6 37. Kxc5 gxf5 38. gxf5 1-0

[Event "Steinfurt Bezirksklasse 0708"]
[Site "Germany"]
[Date "2007.12.08"]
[Round "3.6"]
[White "Naber, Ole"]
[Black "Roos, Philipp"]
[Result "0-1"]
[WhiteElo "1091"]
[BlackElo "1293"]
[PlyCount "42"]
[EventDate "2007.10.13"]
[EventType "team-tourn"]
[EventRounds "7"]
[EventCountry "GER"]
[SourceTitle "EXT 2009"]
[Source "ChessBase"]
[SourceDate "2008.11.26"]
[SourceVersion "1"]
[SourceVersionDate "2008.11.26"]
[SourceQuality "1"]
[WhiteTeam "Rheine SG II"]
[BlackTeam "Saerbeck III"]
[WhiteTeamCountry "GER"]
[BlackTeamCountry "GER"]

1. e4 e5 2. Nf3 Nc6 3. Bb5 Bc5 4. 0-0 d6 5. c3 Bd7 6. d4 exd4 7. cxd4 Bb6 8. Nc3 a6 9. Ba4 Nge7 10. Re1 0-0 11. Bf4 Ng6 12. Bg3 Re8 13. Qd2 Bg4 14. Qd3 Bxf3 15. gxf3 Re6 16. d5 Nce5 17. Qd2 Rf6 18. f4 Nxf4 19. Bxf4 Rxf4 20. Rf1 Nf3+ 21. Kh1 Qh4 0-1

[Event "Steinfurt Kreisklasse 0607"]
[Site "Germany"]
[Date "2007.04.21"]
[Round "9.5"]
[White "Ossege, Rene"]
[Black "Naber, Ole"]
[Result "0-1"]
[WhiteElo "845"]
[BlackElo "1136"]
[PlyCount "34"]
[EventDate "2006.09.23"]
[EventType "team-tourn"]
[EventRounds "10"]
[EventCountry "GER"]
[SourceTitle "EXT 2008"]
[Source "ChessBase"]
[SourceDate "2007.11.25"]
[SourceVersion "1"]
[SourceVersionDate "2007.11.25"]
[SourceQuality "1"]
[WhiteTeam "Emsdetten Rochade IV"]
[BlackTeam "Rheine SG II"]
[WhiteTeamCountry "GER"]
[BlackTeamCountry "GER"]

1. e4 c5 2. Nf3 d6 3. Bc4 Nf6 4. Ng5 e6 5. c3 a6 6. d4 cxd4 7. cxd4 h6 8. Bd3 hxg5 9. Bxg5 Be7 10. 0-0 Nc6 11. Bc2 Bd7 12. Re1 Qc7 13. d5 exd5 14. exd5 Ne5 15. f4 Neg4 16. Nc3 Qb6+ 17. Re3 Qxe3+ 0-1